| 000 | 00661nam a22002057a 4500 | ||
|---|---|---|---|
| 005 | 20160927110059.0 | ||
| 010 | _aENG-116098 | ||
| 020 |
_a9789383575039 _c1295.00 |
||
| 035 | _aEN-99630 | ||
| 037 | _bDBAD/PUB | ||
| 082 | _a004 | ||
| 100 | _dDas,Leonard T. | ||
| 245 |
_aInformation technology : _cby Leonard T.Das ; foreword by Kumar B. Das _bproblems and prospects / |
||
| 260 |
_a New Delhi _bSSDN Publishers & Distributors _c2014 |
||
| 270 |
_a5A,Sahani Mansion,Ansari Road, Daryaganj _bNew Delhi _e110002 |
||
| 300 |
_a232p. : _c22cm(Hb) _bill |
||
| 500 | _aIncludes index | ||
| 700 | _aDas,Kumar B. | ||
| 942 |
_2ddc _cEN _h004 _mDAS |
||
| 999 |
_c103640 _d103640 |
||